000 00253nam a2200097Ia 4500
008 230915s9999 xx 000 0 und d
050 _aHD 38.5 .C497 2016
100 _aCHRISTOPHER, MARTIN
245 0 _aLOGISTICS AND SUPPLY CHAIN MANAGEMENT
942 _cBK
999 _c76685
_d76685